Elaboració de documents administratius : manual del formador / [text: Núria Altés Juan i Xavier Pejó Orellana] manual del formador / [text:
Descripción Física:
32 p. ; 30 cm
Otros Autores:
Pejó Orellana, Xavier
MARC
| LEADER | 00000nam a2200000Ia 4500 | ||
|---|---|---|---|
| 001 | 21813 | ||
| 008 | 160829s2008 xx 000 0 cat d | ||
| 080 | |a FU-44-2 | ||
| 100 | |a Altés Juan, Núria |9 23638 | ||
| 245 | |a Elaboració de documents administratius : |b manual del formador / [text: |b Núria Altés Juan i Xavier Pejó Orellana] | ||
| 260 | |a Barcelona : |b Diputació de Barcelona. Àrea de Presidència. Servei de Formació Local, |c 2008 | ||
| 300 | |a 32 p. ; |c 30 cm | ||
| 650 | |a Documents públics |9 27111 | ||
| 650 | |a Formularis administratius |9 27526 | ||
| 650 | |a Català administratiu |9 23641 | ||
| 700 | |a Pejó Orellana, Xavier |9 23642 | ||
| 710 | |a Barcelona (Catalunya : Província). |b Servei de Formació Local |9 53659 | ||
| 901 | |a Arxiu | ||
| 942 | |n 1 | ||
| 952 | |0 0 |1 0 |4 0 |6 FU442 |7 1 |9 50872 |a Arxiu |b Arxiu |d 2016-12-01 |l 0 |o FU-44-2 |p 21813 |r 2016-12-01 00:00:00 |w 2016-12-01 |y ARXIU | ||
| 999 | |c 54714 |d 54714 | ||